[Event "Goiania op"]
[Site "Goiania"]
[Date "2016.05.14"]
[Round "3"]
[White "Campos, Westerley Batista"]
[Black "Da Silva, Elizeu Maciel"]
[Result "1-0"]
[WhiteElo "1744"]
[BlackElo "1733"]
[PlyCount "111"]
[EventDate "2016.05.13"]
[EventType "swiss"]
[EventRounds "6"]
[EventCountry "BRA"]
[SourceTitle "CBM 172 Extra"]
[Source "ChessBase"]
[SourceDate "2016.06.21"]
[SourceVersion "1"]
[SourceVersionDate "2016.06.21"]
[SourceQuality "1"]

1. c4 c6 2. Nf3 e6 3. e4 d5 4. Nc3 d4 5. Ne2 c5 6. d3 Nc6 7. a3 a5 8. g3 Nf6 9. Bg2 Be7 10. 0-0 0-0 11. Ne1 e5 12. h3 Bd7 13. f4 Bd6 14. f5 Rb8 15. g4 h6 16. Ng3 b5 17. b3 bxc4 18. bxc4 Be7 19. Kh2 Nh7 20. Nh5 Bg5 21. Nf3 Bxc1 22. Qxc1 Rb3 23. f6 g5 24. Qd2 Qb6 25. Rf2 Rb8 26. Ra2 Qc7 27. Nh4 Be6 28. Nf5 Bxf5 29. Rxf5 Nd8 30. h4 Ne6 31. Bf3 R8b7 32. Bd1 R3b6 33. Ba4 Rb8 34. Kh3 Rb1 35. Kg2 R1b7 36. Bb5 Kh8 37. Kh3 Rg8 38. Qh2 Nf4+ 39. Nxf4 gxf4 40. Qe2 Rg6 41. g5 Rb8 42. Qh5 Rbg8 43. Rg2 a4 44. Qf3 Qa5 45. Rxe5 Nxf6 46. Rf5 hxg5 47. hxg5 Nh7 48. Qxf4 Qe1 49. Qh4 Qxh4+ 50. Kxh4 f6 51. Rxc5 fxg5+ 52. Kg3 Nf6 53. Rh2+ Kg7 54. Rc7+ Kf8 55. e5 Ne8 56. Rf2+ 1-0

[Event "Goiania op"]
[Site "Goiania"]
[Date "2013.03.08"]
[Round "1"]
[White "Santos, Luciano da Silva"]
[Black "Da Silva, Elizeu Maciel"]
[Result "1-0"]
[WhiteElo "1914"]
[BlackElo "1740"]
[PlyCount "81"]
[EventDate "2013.03.08"]
[EventType "swiss"]
[EventRounds "6"]
[EventCountry "BRA"]
[SourceTitle "EXT 2015"]
[Source "ChessBase"]
[SourceDate "2014.11.20"]
[SourceVersion "1"]
[SourceVersionDate "2014.11.20"]
[SourceQuality "1"]

1. f4 Nf6 2. Nf3 d6 3. b3 g6 4. Bb2 Bg7 5. e4 0-0 6. Bd3 Nc6 7. 0-0 Bd7 8. c4 a5 9. Nc3 Nh5 10. g3 a4 11. Nxa4 Nb4 12. Bxg7 Nxg7 13. Be2 Bxa4 14. bxa4 b6 15. Qb3 Na6 16. d4 Qd7 17. Bd1 Nb8 18. Qc3 Qc6 19. Re1 Nd7 20. Bb3 Nh5 21. c5 e6 22. Rac1 Rac8 23. cxb6 Qxb6 24. Qc6 Rfd8 25. Qxb6 Nxb6 26. Rc6 Nf6 27. Rec1 Ne8 28. Ng5 d5 29. a5 Na8 30. exd5 exd5 31. R1c5 h6 32. Nf3 Kg7 33. Rxd5 Nf6 34. Rxd8 Rxd8 35. Ne5 Nd5 36. Rc5 f6 37. Rxd5 Rxd5 38. Bxd5 fxe5 39. Bxa8 exd4 40. Kf2 Kf6 41. a6 1-0